The politics of regulation: a comparative perspective (Record no. 359862)

000 -LEADER
fixed length control field 00548cam a22001697a 4500
008 - FIXED-LENGTH DATA ELEMENTS--GENERAL INFORMATION
fixed length control field 180718b1993 xxu||||| |||| 00| 0 eng d
020 ## - INTERNATIONAL STANDARD BOOK NUMBER
International Standard Book Number 0631174664
082 ## - DEWEY DECIMAL CLASSIFICATION NUMBER
Classification number U2x42 F847
100 ## - MAIN ENTRY--PERSONAL NAME
Personal name Francis, John G.
245 ## - TITLE STATEMENT
Title The politics of regulation: a comparative perspective
Statement of responsibility, etc. by John G. Francis
260 ## - PUBLICATION, DISTRIBUTION, ETC.
Place of publication, distribution, etc. Oxford
Name of publisher, distributor, etc. Blackwell
Date of publication, distribution, etc. 1993
300 ## - PHYSICAL DESCRIPTION
Extent 289p.
650 ## - SUBJECT ADDED ENTRY--TOPICAL TERM
Topical term or geographic name entry element Trade regulation - European economic community
650 ## - SUBJECT ADDED ENTRY--TOPICAL TERM
Topical term or geographic name entry element Trade regulation - U.S.A
650 ## - SUBJECT ADDED ENTRY--TOPICAL TERM
Topical term or geographic name entry element Trade regulation - U.K.
650 ## - SUBJECT ADDED ENTRY--TOPICAL TERM
Topical term or geographic name entry element Government regulation of business - U.K
Holdings
Withdrawn status Lost status Damaged status Not for loan Permanent Location Current Location Date acquired Full call number Barcode Date last seen Price effective from Koha item type
        Indian Institute of Public Administration Indian Institute of Public Administration 1994-02-15 U2x42 F847 67328 2018-07-21 2018-07-21 Book

Powered by Koha